000 003490000a22001570004500
001 002056
003 MACL
040 _aMACL
090 _c14049
_d14048
100 _aPrakas, Satya
245 _aPersonality Development
_cSatya Prakas
260 _aModern Press,
_c2002
350 _a125
650 _aDevelopmental Psychology
942 _k155
_cBook
999 _c13972
_d13972